| 000 | 00661nam a2200217 a 4500 | ||
|---|---|---|---|
| 001 | 30820 | ||
| 003 | BD-RjUL | ||
| 005 | 20211209051624.0 | ||
| 008 | 140411s19541941nyu 001 0 eng d | ||
| 035 | _a(BD-RjUL)30907 | ||
| 040 |
_aBD-RjUL _beng _cBD-RjUL _dBD-RjUL |
||
| 041 | _aeng | ||
| 082 |
_a190 _bWRH 1954 |
||
| 100 | 1 |
_aWright, William Kelley, _d1877-1956 _993621 |
|
| 245 | 1 | 2 |
_aA history of modern philosophy / _cby William Kelley Wright. |
| 260 |
_aNew York : _bMacmillan, _c1941 [ Printing 1942, 1954, 1962]. |
||
| 300 |
_axii, 633 p. ; _c22 cm. |
||
| 504 | _aIncludes index. | ||
| 650 | 0 |
_aPhilosophy, Modern _xHistory. _93408 |
|
| 942 |
_2ddc _cBK _08 |
||
| 999 |
_c30820 _d30820 |
||